Loading...
| Philosophy | 0 | 8 | 0 | 1 | 80 | 77 | 99.75 | 0 | 1 | 11.88 | 37.18 |
| Social Science | 0 | 7 | 0 | 0 | 70 | 44 | 68.14 | 2 | 4 | 23.06 | 43.01 |
| History - Other | 0 | 6 | 1 | 1 | 55 | 98 | 110.33 | 0 | 0 | 5.68 | 23.48 |
| Fine Arts - Painting and Sculpture | 0 | 5 | 0 | 1 | 50 | 78 | 96.60 | 0 | 0 | 9.78 | 17.19 |
| History - American | 0 | 5 | 1 | 1 | 45 | 58 | 86.60 | 2 | 3 | 13.89 | 27.74 |
| Literature - European | 0 | 4 | 0 | 1 | 40 | 122 | 134.50 | 0 | 0 | 2.00 | 12.18 |
| History - World | 0 | 4 | 1 | 1 | 35 | 57 | 85.50 | 1 | 2 | 12.66 | 24.36 |
| Fine Arts - Other | 0 | 3 | 0 | 0 | 30 | 91 | 106.33 | 0 | 0 | 4.12 | 11.01 |
| Literature - British | 0 | 3 | 1 | 0 | 25 | 128 | 132.33 | 0 | 0 | 2.00 | 12.24 |
| History - European | 0 | 4 | 3 | 1 | 25 | 76 | 88.75 | 0 | 1 | 11.13 | 17.02 |
| Science - Biology | 0 | 3 | 1 | 1 | 25 | 74 | 97.00 | 0 | 0 | 3.26 | 12.65 |
| Mythology | 0 | 4 | 4 | 1 | 20 | 97 | 113.25 | 0 | 0 | 4.40 | 11.77 |
| Popular Culture | 0 | 2 | 0 | 0 | 20 | 39 | 69.50 | 0 | 0 | 34.14 | 33.33 |
| Literature - American | 0 | 2 | 0 | 0 | 20 | 91 | 104.50 | 0 | 0 | 5.06 | 8.51 |
| Current Events | 0 | 1 | 0 | 0 | 10 | 104 | 104.00 | 0 | 0 | 6.25 | 2.78 |
| Literature - World | 0 | 1 | 0 | 0 | 10 | 105 | 105.00 | 0 | 0 | 2.17 | 3.03 |
| Geography | 0 | 1 | 0 | 0 | 10 | 62 | 62.00 | 1 | 1 | 16.67 | 33.33 |
| Fine Arts - Classical Music | 0 | 1 | 1 | 0 | 5 | 108 | 108.00 | 0 | 0 | 1.36 | 5.30 |
| Science - Other | 0 | 1 | 1 | 1 | 5 | 106 | 106.00 | 0 | 0 | 0.00 | 0.70 |
| Science - Physics | 0 | 1 | 1 | 0 | 5 | 90 | 90.00 | 0 | 0 | 2.10 | 3.79 |
| Religion | 0 | 2 | 3 | 0 | 5 | 74 | 85.00 | 0 | 0 | 4.25 | 7.17 |